Alto riesgo / (Record no. 192196)

MARC details
000 -LEADER
campo de control de longitud fija 01155nam a2200325 i 4500
001 - NÚMERO DE CONTROL
campo de control 192196
003 - IDENTIFICADOR DE NÚMERO DE CONTROL
campo de control SpMaBN
005 - FECHA Y HORA DE LA ÚLTIMA TRANSACCIÓN
campo de control 20250710063341.0
008 - DATOS DE LONGITUD FIJA--INFORMACIÓN GENERAL
campo de control de longitud fija 221113s2002 sp | ||| ||spa
016 7# - NÚMERO DE CONTROL DE UNA AGENCIA BIBLIOGRÁFICA NACIONAL
Número de control del registro bimoBNE20030667931 [
Fuente SpMaBN]
017 ## - NÚMERO DE COPYRIGHT O DE DEPÓSITO LEGAL
Número de copyright o de depósito legal B 42692-2002
Agencia que asigna Oficina Depósito Legal Barcelona
020 ## - NÚMERO INTERNACIONAL ESTÁNDAR DEL LIBRO
Número Internacional Estándar del Libro 8497591879
035 ## - NÚMERO DE CONTROL DEL SISTEMA
Número de control de sistema (OCoLC)433082958
040 ## - FUENTE DE CATALOGACIÓN
Centro catalogador/agencia de origen SpMaBN
Lengua de catalogación spa
Centro/agencia transcriptor SpMaBN
Normas de descripción rdc
080 ## - NÚMERO DE LA CLASIFICACIÓN DECIMAL UNIVERSAL
Número de la Clasificación Decimal Universal 821.111-31"19"
100 1# - ENTRADA PRINCIPAL--NOMBRE DE PERSONA
Nombre de persona Follett, Ken,
Fechas asociadas al nombre 1949-
Término indicativo de función/relación Autor
9 (RLIN) 175827
245 10 - MENCIÓN DEL TÍTULO
Título Alto riesgo /
Mención de responsabilidad, etc. Ken Follett ; traducción de José Antonio Soriano.
250 ## - MENCION DE EDICION
Mención de edición Edición limitada
250 ## - MENCION DE EDICION
Mención de edición Primera edición: noviembre 2002
260 ## - PUBLICACIÓN, DISTRIBUCIÓN, ETC.
Lugar de publicación, distribución, etc. [Barcelona] :
Nombre del editor, distribuidor, etc. Debolsillo,
Fecha de publicación, distribución, etc. 2002.
300 ## - DESCRIPCIÓN FÍSICA
Extensión 507 páginas ;
Dimensiones 20 cm.
655 #7 - TERMINO DE INDIZACIÓN--GENERO/FORMA
Datos o término principal de género/forma Novelas históricas
Fuente del término tgfbne
9 (RLIN) 226782
700 1# - ENTRADA AGREGADA--NOMBRE PERSONAL
9 (RLIN) 234967
Nombre de persona Soriano Marco, José Antonio
Término indicativo de función/relación Traductor
852 4# - LOCALIZACIÓN
Ubicación ES-MaACL
Número de control de estantería N-8144
Sublocalización o colección R. 152734
Ubicación en estantería Depósito J
itemnumber 199478
Donativo/Legado Donación: José Lázaro García
Encuadernación Encuadernación: cartoné
903 ## - NOMBRE PERSONAL DE DONANTE
9 234219
a Lázaro García, José
e Donante
942 ## - ELEMENTOS DE ENTRADA SECUNDARIOS (KOHA)
Tipo de ítem Koha Libro impreso
Suprimir en OPAC No
Holdings
Estatus retirado Estado de pérdida Fuente del sistema de clasificación o colocación Estado de daño No para préstamo Biblioteca de origen Biblioteca actual Ubicación en estantería Fecha de adquisición Fuente de adquisición Total de préstamos Signatura topográfica completa Código de barras Visto por última vez Tipo de ítem Koha
    Clasificación decimal universal     Biblioteca del Ateneo de Madrid Biblioteca del Ateneo de Madrid Depósito J 13/11/2022 Donación   N-8144 101206445 23/02/2023 Libro impreso